000 01004nam a22002897a 4500
001 000680
003 DO-SdBNP
005 20180209111132.0
007 000680
008 161110b 1994 mx a ||||| |||| 00| 0 spa d
020 _a9681906233
040 _aBPMSU
_bspa
_cBPMSU
100 1 _aHolmelund Minarik, Else
240 1 _aLittle Bear's visit.
_lEspañol
245 1 0 _aLa visita de Osito /
_cElse Holmelund Minarik ; ilustraciones de Maurice Sendak ; traducción, María Puncel.
260 _aMaéxico :
_bAlfaguara,
_c1994.
_g2ª reimp. 1999
300 _a64 p. :
_bil. ;
_c19 cm.
490 1 _aInfantil Alfaguara
500 _aPara niños a partir de los 6 años.
500 _aSegunda reimpresión: septiembre de 1999.
500 _aIncluye datos biográficos de la autora en la solapa de la contracubierta
700 1 2 _aSendak, Maurice,
_eil.
830 0 _aInfantil Alfaguara
942 _2ddc
_cBK
945 _aInventariado, 2018 /LP
956 _aLOPEREZ
_b10
_c20161110
_hBPMSU
999 _c11897
_d11897